CÁTALOGO MUNICIPAL







Historia del Perú antiguo: a través de la fuente escrita / (Registro nro. 11039)

Detalles MARC
000 -Cabecera (24)
Campo de control interno 01144nam a22002654a 4500
001 - Número de control
Campo de control BIBLIOTECA MUNICIPAL DE BARRANCO
007 - Tipo material - Descripcion fisica - info general
Tipo material ta
008 - Códigos de longitud fija (40p)
Campo de control de longitud fija t pe gr 00| 0 spa d
017 ## - DEPOSITO LEGAL (PERÚ)
Número Depósito Legal B.34.938-84(I) - (Nv)
020 ## - INTERNATIONAL STANDARD BOOK NUMBER
ISBN 84-499-9907-3
040 ## - Origen de la Catalogacion
Origen de la Catalogacion BIBLIOTECA MUNICIPAL DE BARRANCO
041 ## - Código de idioma (R)
Código de lengua del texto/banda sonora o título independiente (R) spa
043 ## - Pais ISO
País ISO pe
082 ## - Número de la Clasificación
Numero de edición 985.019
Número de documento/Ítem V17H 1985.
100 ## - Autor Personal
Autor Personal Valcárcel, Luis Eduardo, 1891-1987.
245 ## - Titulo
Titulo Historia del Perú antiguo: a través de la fuente escrita /
Mencion del autor Luis Eduardo, Valcarcel ;
250 ## - Mencion de edicion
Edicion 5a.ed.
260 ## - Pie de imprenta
Ciudad Lima:
Editorial Libr. Edit. Juan Mejía Baca,
Año 1985.
300 ## - Descripcion
Páginas 6 t. :
Otros detalles físicos il. (algunas col.) ;
Dimensiones 23 cm
505 ## - Nota de contenido
Nota de contenido t.1 Primera visión española del Perú -- t.2 Economía política, derecho y moral -- t.3 Religión, magia, mito y juego -- t.4 Arte, educación -- t.5 La historia de los reyes incas. Calendario -- t.6 Apéndices.
651 #0 - Nombre geográfico (R)
9 (RLIN) 8398
Nombre geográfico (NR) Perú-Historia-Época Prehispánica.
651 #0 - Nombre geográfico (R)
9 (RLIN) 8399
Nombre geográfico (NR) Perú-Vida y costumbres sociales-Época Prehispánica.
651 #0 - Nombre geográfico (R)
9 (RLIN) 8400
Nombre geográfico (NR) Perú-Historia-Descubrimiento y Conquista, 1519-1536.
942 ## - Datos personalizados Koha
Tipo de Documento Libros
Fecha procesamiento 2026-01-14
Catalogador AAOH
Existencias
Fuente de Clasificacion Deterioro (estado) Ubicacion permanente Ubicacion actual Fecha de Ingreso a la Biblioteca Numero inventario Prestamos Signatura Topográfica Código de barras Ultima fecha de verificacion Tipo de Item Ubicación en edificio Precio dolares
Dewey Decimal Classification   Biblioteca Municipal Manuel Beingolea Biblioteca Municipal Manuel Beingolea 01/14/2026 006879   985.019 V17H 1985 T.1 006879 01/14/2026 Libros Sala - Estantería abierta  
Dewey Decimal Classification   Biblioteca Municipal Manuel Beingolea Biblioteca Municipal Manuel Beingolea 01/15/2026 007352   985.019 V17H 1985 T.2 007352 01/15/2026 Libros Sala - Estantería abierta  
Dewey Decimal Classification   Biblioteca Municipal Manuel Beingolea Biblioteca Municipal Manuel Beingolea 01/15/2026 007343   985.019 V17H 1985 T.3 007343 01/15/2026 Libros Sala - Estantería abierta  
Dewey Decimal Classification   Biblioteca Municipal Manuel Beingolea Biblioteca Municipal Manuel Beingolea 01/15/2026 007324   985.019 V17H 1985 T.4 007324 01/15/2026 Libros Sala - Estantería abierta  
Dewey Decimal Classification   Biblioteca Municipal Manuel Beingolea Biblioteca Municipal Manuel Beingolea 01/15/2026 008633   985.019 V17H 1985 T.5 008633 01/15/2026 Libros Sala - Estantería abierta  
Dewey Decimal Classification   Biblioteca Municipal Manuel Beingolea Biblioteca Municipal Manuel Beingolea 01/15/2026 008665   985.019 V17H 1985 T.6 008665 01/15/2026 Libros Sala - Estantería abierta  

  

  GERENCIA DE CULTURA Y TURISMO

  Biblioteca Municipal de Barranco

  Auspiciado por la Municipalidad Distrial de Barranco

  Horario de atención: De lunes a sábado de 8:00 am a 5:00 pm.

  Correo electrónico: biblioteca@munibarranco.gob.pe

  Teléfono :203-6730, anexo 303


Ubicación